Vista normal Vista MARC

Entrada Personal Name

Número de registros utilizados en: 3

001 - CONTROL NUMBER

  • control field: 51956

003 - CONTROL NUMBER IDENTIFIER

  • control field: OSt

005 - DATE AND TIME OF LATEST TRANSACTION

  • control field: 20241126093632.0

008 - FIXED-LENGTH DATA ELEMENTS

  • fixed length control field: 241126|| aca||aabn | a|a d

040 ## - CATALOGING SOURCE

  • Original cataloging agency: OSt
  • Transcribing agency: OSt

100 ## - HEADING--PERSONAL NAME

  • Personal name: Ruíz Zafón, Carlos,
  • Dates associated with a name: 1964-2020

670 ## - SOURCE DATA FOUND

  • Source citation: Work cat.: (OSt)46720: Ruíz Zafón, Carlos, 1964-2020, El prisionero del cielo









Instituto Departamental de Cultura del Meta - Red Departamental de Bibliotecas Públicas del Meta.